Haltestellen der Franz-Josefs-Bahn - Statistiken

Allgemein
  • Dieses Quiz wurde 30 mal gespielt
  • Das Durchschnittsergebnis liegt bei 11 aus 20
Antworten auf der Karte
Die Antworten werden auf der Karte rot bzw. grün angezeigt, abhängig davon wie oft sie richtig erraten wurden.
 
Antwortstatistiken
Haltestelle % Korrekt
Gmünd (NÖ)
86%
Tulln
86%
Wien Franz-Josefs-Bahnhof
86%
Wien Heiligenstadt
86%
České Velenice
77%
Absdorf-Hippersdorf
73%
Sigmundsherberg
73%
Wien Spittelau
73%
Göpfritz an der Wild
64%
Eggenburg
59%
Allentsteig
55%
Pürbach-Schrems
55%
Irnfritz
50%
Schwarzenau
50%
Vitis
41%
Limberg-Maissau
36%
Großweikersdorf
27%
Ziersdorf
27%
Hötzelsdorf-Geras
18%
Hirschbach bei Gmünd
14%
Keine übereinstimmenden Quizze gefunden
Verteilung der Resultate
Anzahl Personen mit jedem Resultat
Perzentil nach korrekt beantworteten Fragen
Ihre Resultats-Entwicklung
Sie haben dieses Quiz noch nicht gespielt